000 00537nam a22001937a 4500
003 KOHA_MİRAKIL
005 20251117160627.0
008 251117b tu ||||| |||| 00| 0 tur d
020 _a9786053759188
040 _aTR-AnABB
_btur
_cTR-AnABB
041 _atur
082 _a813.42
_bGOR 2019
100 1 _aGörkem, Kerem,
245 1 0 _aSüreyya'nın saatleri /
_cKerem Görkem
260 _aİstanbul :
_bİthaki Yayınları,
_c2019
300 _a217 sayfa ;
_c19 cm
650 0 4 _aTürk edebiyatı, roman
942 _2ddc
_cBK
999 _c9489
_d9489
900 _bGizem YORULMAZ